00305nam a2200121Ia 4500008004100000100002600041245004100067260003100108300000800139650001400147942000700161999001500168190216s9999||||xx |||||||||||||| ||und|| aEstelle K Meislicheti 0aSolved Problems In Organic Chemistry bTata Mcgrawhill Publishers a687 aChemistry cBK c3211d3211